Jean-René Vernes, L’Aberration philosophique. L’illusion tragique du kantisme, Paris, L’Harmattan, 2007, 55 p., 10 € ; La Seconde Révolution cartésienne, Paris, L’Harmattan, 2011, 35 p., 7,50 € (notice n° 1658250)

détails MARC
000 -LEADER
fixed length control field 02063cam a2200169 4500500
005 - DATE AND TIME OF LATEST TRANSACTION
control field 20260208010807.0
041 ## - LANGUAGE CODE
Language code of text/sound track or separate title fre
042 ## - AUTHENTICATION CODE
Authentication code dc
100 10 - MAIN ENTRY--PERSONAL NAME
Personal name Lequan, Mai
Relator term author
245 00 - TITLE STATEMENT
Title Jean-René Vernes, L’Aberration philosophique. L’illusion tragique du kantisme, Paris, L’Harmattan, 2007, 55 p., 10 € ; La Seconde Révolution cartésienne, Paris, L’Harmattan, 2011, 35 p., 7,50 €
260 ## - PUBLICATION, DISTRIBUTION, ETC.
Date of publication, distribution, etc. 2013.<br/>
500 ## - GENERAL NOTE
General note 99
520 ## - SUMMARY, ETC.
Summary, etc. RésuméOn présente une revue organisée et commentée des études cartésiennes des quinze dernières années sur la question de Dieu. Sont repérées deux constantes méthodologiques : la contextualisation dans une longue durée, du Moyen Âge à Kant ; l’affaiblissement du cadre interprétatif heideggerien. Quatre grands thèmes sont distingués : les rapports théologie/métaphysique ; la création des vérités éternelles ; les attributs et les noms divins ; la question de l’appartenance de Descartes à la métaphysique. On relève enfin deux aspects très peu étudiés : l’investigation phénoménologique, le lien entre métaphysique et morale.
520 ## - SUMMARY, ETC.
Summary, etc. Fifteen years of Cartesian studies bearing on the question of God (1996-2011)One will find here a systematic and commented overview of the last fifteen years of Cartesian studies bearing on the question of God. Two methodological constants are identified: long term contextualization, from the Middle Ages to Kant; the weakening of the Heideggerian interpretative framework. Four broad themes are circumscribed: the relations between theology and metaphysics; the creation of eternal truths; the names and attributes of God; the issue of whether Descartes belongs to metaphysics. Two neglected topics are singled out: phenomenological investigation; the relation between metaphysics and ethics.
786 0# - DATA SOURCE ENTRY
Note Revue philosophique de la France et de l'étranger | 138 | 1 | 2013-02-18 | p. 99m-114m | 0035-3833
856 41 - ELECTRONIC LOCATION AND ACCESS
Uniform Resource Identifier <a href="https://shs.cairn.info/revue-philosophique-2013-1-page-99m?lang=fr&redirect-ssocas=7080">https://shs.cairn.info/revue-philosophique-2013-1-page-99m?lang=fr&redirect-ssocas=7080</a>

Pas d'exemplaire disponible.

PLUDOC

PLUDOC est la plateforme unique et centralisée de gestion des bibliothèques physiques et numériques de Guinée administré par le CEDUST. Elle est la plus grande base de données de ressources documentaires pour les Étudiants, Enseignants chercheurs et Chercheurs de Guinée.

Adresse

627 919 101/664 919 101

25 boulevard du commerce
Kaloum, Conakry, Guinée

Réseaux sociaux

Powered by Netsen Group @ 2025